Statistics for Flags of the Prime Meridian

Click here to take the quiz!

General Stats

  • This quiz has been taken 27 times
  • The average score is 8 of 8

Answer Stats

Answer% Correct
Algeria
100%
Ghana
100%
France
95%
Mali
95%
Spain
95%
United Kingdom
95%
Burkina Faso
90%
Togo
86%

Score Distribution

Percentile by Number Answered

Percent of People with Each Score

Your Score History

You have not taken this quiz